000 00507nam a2200193Ia 4500
003 GCL
008 140319s9999 xx 000 0 eng d
040 _aGCL /
_cGCL
082 0 4 _a709.52
_bA N
100 1 _aALLEN, JANNE
245 1 0 _aTHE NARA AND HEIAN PERIODS: THE DESIGNER'S GUIDE TOJAPANLESE PATTERNS /
_cALLEN, JANNE
260 _a[S.N] :
_bTHAMES AND HUDSON ،
_c1989
300 _a132
650 0 4 _aART JAPANESE
650 0 4 _aARTS
650 0 4 _aJAPAN
650 0 4 _aPAINTING
942 _2ddc
_cBK
999 _c18820
_d18820